Statistics for Leo's favorite things

Click here to take the quiz!

General Stats

  • This quiz has been taken 5 times
  • The average score is 3 of 18

Answer Stats

HintAnswer% Correct
HOT DRINKHot Chocolate
60%
SUBJECTPhysical Education
60%
COLORPurple
60%
NBA TEAMLakers
40%
BASKETBALL PLAYERLeBron James
40%
SHOE BRANDNike
40%
SPORTTable Tennis
20%
FOODFried Chicken
0%
SODAHallon Soda
0%
SNACKHot Snacks
0%
FAST FOODMax
0%
GAMEMinecraft
0%
RESTURANTPinchos
0%
SONGRunaway
0%
COUNTRYRussia
0%
CANDY BARSnickers
0%
CANDYSour
0%
MOVIEWhiplash
0%

Score Distribution

Percentile by Number Answered

Percent of People with Each Score

Your Score History

You have not taken this quiz